Movies Quiz

Random Movies or Quote Quiz

Questionable Movie Quotations Quiz Stats

 Plays Quiz not verified by Sporcle

Support Sporcle.
Go Orange.
Score 0/20 Timer 04:00
0 Plays Today
Question Movie % Correct
You talkin' to me?Taxi Driver
85.6%
Mrs. Robinson, you're trying to seduce me. Aren't you?The Graduate
82.3%
...'Do I feel lucky?' Well, do ya, punk?Dirty Harry
81.5%
I have nipples, Greg, could you milk me?Meet the Parents
81.1%
Hey, ah, have you seen my car?Dude Where's My Car
74.9%
What do you mean I'm funny?Goodfellas
73.7%
You know what they call a Quarter Pounder with cheese in France?Pulp Fiction
71.2%
Are you a good witch or a bad witch?The Wizard of Oz
71.2%
Have you ever danced with the devil in the pale moonlight?Batman
68.7%
Rhett, Rhett...Rhett, If you go, where shall I go? What shall I do?Gone with the Wind
66.7%
Question Movie % Correct
Do you like scary movies?Scream
65.4%
Just what do you think you're doing, Dave?2001: A Space Odyssey
51.4%
Was it over when the Germans bombed Pearl Harbor?Animal House
49.4%
Ok. Can I still be Garth?Wayne's World 2
38.7%
Does Barry Manilow know that you raid his wardrobe?The Breakfast Club
29.6%
Do I look like a cat to you, boy? Am I jumpin' around all nimbly bimbly from tree to tree?Super Troopers
23.9%
Remember, Sully, when I promised to kill you last?Commando
21%
Are they made from real Girl Scouts?The Addams Family
16.9%
In what world could you possibly beat me?A Knight's Tale
8.6%
How can you shoot women and children?Full Metal Jacket
8.2%

You're not logged in!

Compare scores with friends on all Sporcle quizzes.
OR
Log In

From the Vault

Questioning Movie Quotes X?

by Cutthroat

They may be asking questions, but we're asking the right ones.
Remove Ads.
Support Sporcle.
Get the best of Sporcle when you Go Orange. This ad-free experience offers more features, more stats, and more fun while also helping to support Sporcle. Thank you for becoming a member.

Show Comments

Extras

Created Mar 2, 2011ReportNominate
Tags:Quote Quiz

Top Quizzes Today


Score Distribution

Your Account Isn't Verified!

In order to create a playlist on Sporcle, you need to verify the email address you used during registration. Go to your Sporcle Settings to finish the process.

Report this User

Report this user for behavior that violates our Community Guidelines.

Details: